书目信息 |
| 题名: |
窦娥冤·王昭君
|
|
| 作者: | 王寅明 , 姜山龄 编著 | |
| 分册: | ||
| 出版信息: | 西安 陕西旅游出版社 2008.11 |
|
| 页数: | 207页 | |
| 开本: | 21cm | |
| 丛书名: | 中国古典文学故事丛书 | |
| 单 册: | ||
| 中图分类: | I247.8 | |
| 科图分类: | ||
| 主题词: | 民间故事--作品集--中国--当代 , CT--戏剧文学--故事--中国--现代 | |
| 电子资源: | ||
| ISBN: | 978-7-5418-1466-2 | |
| 000 | 00903nam 2200277 450 | |
| 001 | CALB0120110520910m | |
| 005 | 20111229093932.87 | |
| 010 | @a978-7-5418-1466-2@dCNY27.00 | |
| 100 | @a20050905d2008 y0chiy0110 ea | |
| 101 | 0 | @achi |
| 102 | @aCN@b610000 | |
| 105 | @ay z00fy | |
| 200 | 1 | @a窦娥冤·王昭君@Adou e yuan·wang zhao jun@f王寅明,姜山龄编著@Fwang yin ming,jiang shan ling bian zhu |
| 205 | @a第3版 | |
| 210 | @a西安@c陕西旅游出版社@d2008.11 | |
| 215 | @a207页@c插图@d21cm | |
| 225 | 2 | @a中国古典文学故事丛书@f王欧主编 |
| 305 | @a本书根据(元)马致远《汉宫秋》剧本改写 | |
| 410 | @12001@a中国古典文学故事丛书 | |
| 606 | 0 | @a民间故事@x作品集@y中国@z当代 |
| 606 | 0 | @2CT@a戏剧文学@x故事@y中国@z现代 |
| 690 | @aI247.8@v4 | |
| 701 | 0 | @a王寅明@Awang yin ming@4编著 |
| 701 | 0 | @a姜山龄@Ajiang shan ling@4编著 |
| 801 | 0 | @c20111229 |
| 905 | @a郑州市财税学校图书馆@dI247.8@eW4341=3@f3 | |
| 窦娥冤·王昭君/王寅明,姜山龄编著.-第3版.-西安:陕西旅游出版社,2008.11 |
| 207页:插图;21cm.-(中国古典文学故事丛书/王欧主编) |
| ISBN 978-7-5418-1466-2:CNY27.00 |
| ● |
| 相关链接 |
|
|
|
正题名:窦娥冤·王昭君
索取号:I247.8/W4341=3
 
预约/预借
| 序号 | 登录号 | 条形码 | 馆藏地/架位号 | 状态 | 备注 |
| 1 | 1186657 | 211866578 | 文学库108/108文学库 63排9列2层/ [索取号:I247.8/W4341=3] | 在馆 | |
| 2 | 1186658 | 211866587 | 文学库108/108文学库 63排9列2层/ [索取号:I247.8/W4341=3] | 在馆 | |
| 3 | 1186659 | 211866596 | 文学库108/108文学库 63排9列2层/ [索取号:I247.8/W4341=3] | 在馆 |